Riconosci il Pokémon - Quiz n°234 - Statistics

Statistiche generali
  • Questo quiz è stato fatto 1 volte
  • Il punteggio medio è 10 su 10
Statistiche sulle risposte
Indizio Risposta % Corretto
Altezza 1,1 m
100%
Peso 30 kg
100%
Sesso 50% ♂, 50% ♀
100%
Tasso di cattura 90 (20.1%)
100%
Tipo Buio / Lotta
100%
Tasso di allevamento Medio-Veloce
100%
Abilità Muta; Arroganza; Prepotenza
100%
Stadio evoluzione Prima evoluzione
100%
Generazione Quinta
100%
Pokémon Scrafty
100%
Nessun quiz corrispondente trovato
Distribuzione punteggi
Percentuale di utenti per punteggio
Percentile per numero di risposta
I tuoi punteggi nel tempo
Non hai fatto questo quiz